[Event "Granada Region-ch"]
[Site "Granada"]
[Date "2013.??.??"]
[Round "1.1"]
[White "Domingo Nunez, Alejandro"]
[Black "Lopez Rubio, Yeray"]
[Result "1-0"]
[WhiteElo "2012"]
[BlackElo "1296"]
[PlyCount "29"]
[EventDate "2013.01.20"]
[EventType "swiss"]
[EventRounds "6"]
[EventCountry "ESP"]
[SourceTitle "EXT 2024"]
[Source "ChessBase"]
[SourceDate "2023.10.10"]
[SourceVersion "1"]
[SourceVersionDate "2023.10.10"]
[SourceQuality "1"]

1. e4 e6 2. Nc3 d5 3. Nf3 c5 4. e5 Nc6 5. Bb5 Nge7 6. d4 a6 7. Bxc6+ Nxc6 8. dxc5 Bxc5 9. 0-0 0-0 10. Bg5 Qc7 11. Re1 Nxe5 12. Rxe5 f6 13. Bxf6 Rxf6 14. Nxd5 Rxf3 15. Nxc7 1-0

[Event "Granada Region-ch"]
[Site "Granada"]
[Date "2013.??.??"]
[Round "2.8"]
[White "Lopez Rubio, Yeray"]
[Black "Quesada Juristo, Irene"]
[Result "1-0"]
[WhiteElo "1296"]
[BlackElo "1056"]
[PlyCount "27"]
[EventDate "2013.01.20"]
[EventType "swiss"]
[EventRounds "6"]
[EventCountry "ESP"]
[SourceTitle "EXT 2024"]
[Source "ChessBase"]
[SourceDate "2023.10.10"]
[SourceVersion "1"]
[SourceVersionDate "2023.10.10"]
[SourceQuality "1"]

1. d4 e6 2. Bf4 Bd6 3. Bxd6 cxd6 4. e3 Nc6 5. Nf3 Nf6 6. Bd3 0-0 7. c3 e5 8. Nbd2 e4 9. Nxe4 d5 10. Nxf6+ gxf6 11. Nh4 Na5 12. Qg4+ Kh8 13. Qf5 d6 14. Qxh7# 1-0

[Event "Andalucia-ch U12"]
[Site "Islantilla"]
[Date "2012.04.13"]
[Round "1"]
[White "Quintana Perez, Maider"]
[Black "Lopez Rubio, Yeray"]
[Result "1-0"]
[WhiteElo "1742"]
[BlackElo "1197"]
[PlyCount "45"]
[EventDate "2012.04.13"]
[EventType "swiss"]
[EventRounds "9"]
[EventCountry "ESP"]
[SourceTitle "CBM 148 Extra"]
[Source "ChessBase"]
[SourceDate "2012.06.22"]
[SourceVersion "1"]
[SourceVersionDate "2012.06.22"]
[SourceQuality "1"]

1. c4 e5 2. Nc3 Bc5 3. g3 Nf6 4. Bg2 0-0 5. e3 Nc6 6. Nge2 d6 7. 0-0 Be6 8. d3 Re8 9. a3 e4 10. d4 Bb6 11. d5 Bd7 12. dxc6 Bxc6 13. b4 a6 14. Bb2 Ng4 15. h3 Ne5 16. Qb3 Nd3 17. Rad1 Qe7 18. b5 Nc5 19. bxc6 bxc6 20. Qc2 Nd3 21. Bxe4 Nxb2 22. Qxb2 Rab8 23. Qc2 1-0